Statystyki dla Najludniejsze państwa świata na daną literę

Kliknij tutaj aby rozwiązać quiz!

Ogólne statystyki

  • Ten quiz został rozwiązany 1 799 razy
  • Średni wynik to 17 z 24

Statystyki odpowiedzi

LiteraPaństwoLiczba Ludności% Poprawnych
CChiny1 347 374 752
97%
IIndie1 166 079 217
91%
RRosja142 914 136
90%
ŁŁotwa2 224 400
87%
BBrazylia201 103 330
86%
SStany Zjednoczone311 280 492
85%
OOman3 312 000
83%
JJaponia126 475 664
81%
TTurcja77 804 122
72%
NNigeria154 729 000
71%
HHiszpania47 150 819
69%
PPakistan176 242 949
68%
FFilipiny92 681 000
67%
ZZimbabwe12 383 000
67%
EEtiopia81 238 000
65%
DDemokratyczna Republika Konga66 515 000
63%
MMeksyk112 336 538
63%
VVanuatu243 304
62%
UUkraina45 706 126
60%
AAlgieria34 178 188
56%
WWietnam86 024 600
56%
KKorea Południowa50 062 000
50%
LLaos6 521 998
46%
GGhana23 000 000
42%

Rozkład punktacji

Percentyl według liczby udzielonych odpowiedzi

Procent ludzi z każdym wynikiem

Twoja historia wyników

Nie rozwiązałeś tego quizu